000 00928nam a2200253 i 4500
001 14129
003 ES-MaACL
005 20230906150730.0
007 t|
008 981006s1998 sp ||||1| spa d
020 _a84-7795-163-2
080 _a821.134.2 Blasco Ibáñez, Vicente (064.3)
080 _a929 Blasco Ibáñez, Vicente (064.3)
080 _a791.44 Blasco Ibáñez, Vicente
245 0 0 _aBlasco Ibáñez, cineasta
_b: Centre Cultural La Beneficencia, Diputació de València, del 17 de julio de 1998 al 31 de agosto de 1998.
260 _aValència :
_bCentre Cultural La Beneficència,
_c[1998]
300 _a97 p. :
_bil. ;
_c28 cm.
600 1 4 _aBlasco Ibáñez, Vicente,
_d1867-1928-
_vExposiciones
_929391
655 7 _2tgfbne
_9193628
_aCatálogos de exposiciones
710 2 _aCentre Cultural La Beneficència.
_92540
852 _aES-MaACL
_jL-21465
942 _2udc
999 _c14129
_d14129